Most Populous Cities in the Southwest - Statistics

General Stats
  • This quiz has been taken 664 times
  • The average score is 14 of 25
Answer Stats
State Population City % Correct
Colorado 2,599,504 Denver
99%
Arizona 4,263,236 Phoenix
99%
Nevada 1,969,975 Las Vegas
98%
Utah 1,145,905 Salt Lake City
98%
Colorado 660,319 Colorado Springs
89%
New Mexico 898,642 Albuquerque
88%
Arizona 989,569 Tucson
86%
Nevada 429,606 Reno
85%
New Mexico 145,648 Santa Fe
81%
Utah 540,834 Provo
67%
Nevada 55,439 Carson City
59%
Arizona 134,511 Flagstaff
59%
Colorado 299,378 Boulder
58%
New Mexico 213,598 Las Cruces
51%
Utah 555,916 Ogden
48%
Colorado 305,525 Fort Collins
40%
Colorado 160,545 Pueblo
40%
Arizona 200,870 Yuma
39%
Colorado 147,083 Grand Junction
29%
Utah 141,666 St George
26%
Arizona 211,888 Prescott
19%
Colorado 258,638 Greeley
17%
Utah 127,549 Logan
15%
New Mexico 128,200 Farmington
14%
Arizona 202,351 Lake Havasu
13%
No matching quizzes found
Score Distribution
Percent of People with Each Score
Percentile by Number Answered
Your Score History
You have not taken this quiz